| 000 | 00588nam a2200169Ia 4500 | ||
|---|---|---|---|
| 008 | 150610s9999 xx 000 0 und d | ||
| 020 | _a9780716709619 | ||
| 050 |
_aBF713 _b.R43 2005 |
||
| 245 |
_a Readings on the development of children / _cedited by Mary Gauvain, Michael Cole. |
||
| 250 | _a 4th ed. | ||
| 260 |
_aNew York : _bWorth Publishers, _c2005. |
||
| 300 |
_a371pages : _billustrations ; _c26 cm. |
||
| 504 | _aIncludes bibliographical references. | ||
| 520 | _aDevelopmental psychology. | ||
| 650 |
_aTextbooks _x Child psychology |
||
| 650 |
_aTextbooks _xChild development. |
||
| 999 |
_c288223 _d288223 |
||